| 000 | 00445nam a2200157Ia 4500 | ||
|---|---|---|---|
| 008 | 210716s1996 xx 000 0 und d | ||
| 020 | _a8170295661 | ||
| 041 | _aeng | ||
| 082 | _a005.26301 AITP | ||
| 100 | _aAitken, Peter G. | ||
| 245 |
_aMicrosoft office for windows 95: the point and click guide. _bPoint and click guide. |
||
| 250 | _a1 | ||
| 260 |
_aNew Delhi _bBPB Publications _c1996 |
||
| 300 | _axxxviii,408,8 | ||
| 650 | _aMS Office | ||
| 999 |
_c183113 _d183113 |
||